Technical Efficiency and Human Capital in Europe

Guardado en:
Detalles Bibliográficos
Autor principal: Nežinský, Eduard, 1972-
Formato: Capítulo de libro
Lenguaje:inglés
Materias:
Etiquetas: Agregar Etiqueta
Sin Etiquetas, Sea el primero en etiquetar este registro!

MARC

LEADER 00000naa$a2200000$$$4500
001 0192611
005 20240502083446.7
041 0 |a eng 
044 |a BG 
245 1 0 |a Technical Efficiency and Human Capital in Europe  |c Eduard Nežinský 
610 2 0 |a kapitál ľudský 
610 2 0 |a efektívnosť 
610 2 0 |a analýzy 
610 2 0 |a modely 
610 2 0 |a Európa 
100 1 |a Nežinský, Eduard, 1972-